Statistics for guess the europian countries

Click here to take the quiz!

General Stats

  • This quiz has been taken 8 times
  • The average score is 9 of 15

Answer Stats

Answer% Correct
united kingdom
88%
germany
75%
andorra
63%
belgium
63%
greece
63%
greece
63%
liechtenstein
63%
malta
63%
netherlands
63%
albania
50%
croatia
50%
france
50%
iceland
50%
monaco
50%
bosnia and herzegovina
38%

Score Distribution

Percentile by Number Answered

Percent of People with Each Score

Your Score History

You have not taken this quiz